000 01073nam a22002897a 4500
003 CHAP
005 20220329134241.0
008 971013s r 00010 d
010 _a17615
011 _a18587
035 _a22672
040 _cCHAP
090 _aR-543
100 0 0 _aBirecki, M.
_912916
245 _a(Investigations on the selection of successive cereal crop and on the successive action of grass-popilionaceous mixtures during a theree year period as depending upon the period of plownig a structure forming field)
500 _aResumen en inglés
500 _aSobretiro de : Roczniki Nauk Rolniczych 75 A (1) : 1-35, 1957
590 _aBATCH-UPD
_b10
_c20130110
_lUCH01
_h2119
590 _aBATCH-UPD
_b10
_c20130410
_lUCH01
_h1429
590 _aBATCH-UPD
_b10
_c20130914
_lUCH01
_h0759
590 _aCONVERSION
_b10
_c20130109
_lUCH01
_h1311
650 1 4 _aRotación de cultivos
_xCereales.
_9100246
650 1 4 _aRotación de cultivos
_xPlantas forrajeras.
_9100251
901 _aBK
942 _cREIMP
949 _aR-543
_bBC
_cR
_d-53066
_eTS1
_i22672
_si
999 _c17615
_d17615